| 000 | 00938cam a22002291 4500 | ||
|---|---|---|---|
| 001 | s 30000012 | ||
| 003 | DLC | ||
| 005 | 20260227111911.0 | ||
| 008 | 760113m19281929ua 000 0 fre c | ||
| 010 | _as 30000012 | ||
| 035 | _a(OCoLC)1923299 | ||
| 040 |
_aSmithsonian Institution _cTxU _dOCoLC _dDLC |
||
| 050 | 0 | 0 |
_aZ3656 _b.L87 |
| 100 | 1 |
_aLorin, Henri, _d1866-1932. |
|
| 245 | 1 | 0 |
_aBibliographie géographique de l'Égypte, _cpubliée sous la direction de M. Henri Lorin ... |
| 260 |
_a[Cairo?] _bL'Impr. de l'Institut français d'archéologie orientale du Caire pour la Société royale de géographie d'Égypte, _c1929-29. |
||
| 300 |
_a2 v. _c28 cm. |
||
| 505 | 0 | _av. 1. Géographie physique et géographie humaine, par Henriette Agrel & others]--v. 2. Geographie historique, par Henri Munier. | |
| 650 | 0 |
_aGeography _zEgypt _xBibliography. |
|
| 700 | 1 | _aMunier, Henri. | |
| 710 | 2 | _aSociété royale de géographie d'Égypte. | |
| 999 |
_c52702 _d52702 |
||